000
00210 a2200097 4500
001
18049
100
_a
Khan, S A
245
_a
Two nation theory
260
_a
_b
Markez-i-Shaoor-0-Adab
_c
090
_c
13343
_d
13343
942
_a
NUST-CAE
_c
M
_c
3718
999
_c
253122
_d
253122